中国县级行政区人口密度前50名 First 50 China counties by population density(2020) - Statistics

General Stats
  • This quiz has been taken 70 times
  • The average score is 33 of 50
Answer Stats
人口密度 省区 县区 % Correct
21690 北京市 西城区
94%
16877 北京市 东城区
92%
33102 上海市 黄浦区
89%
26370 上海市 静安区
87%
20238 上海市 徐汇区
87%
35500 天津市 和平区
85%
30548 广东省 越秀区
81%
32935 上海市 虹口区
79%
25596 重庆市 渝中区
79%
22542 上海市 普陀区
79%
20370 上海市 杨浦区
79%
19117 福建省 鼓楼区
79%
18238 上海市 长宁区
79%
17743 江苏省 鼓楼区(南京)
79%
21590 天津市 河北区
77%
20447 天津市 河东区
77%
17129 天津市 河西区
77%
19772 广东省 海珠区
75%
13465 陕西省 雁塔区
75%
12778 福建省 思明区
75%
14013 福建省 湖里区
74%
13607 湖北省 武昌区
74%
32906 陕西省 碑林区
72%
22368 天津市 南开区
72%
19661 广东省 福田区
72%
19656 广东省 荔湾区
70%
16364 广东省 天河区
66%
15206 四川省 武侯区
66%
14484 四川省 青羊区
66%
19634 湖北省 江汉区
64%
14478 广东省 罗湖区
64%
26131 陕西省 莲湖区
62%
20130 天津市 红桥区
62%
15208 山东省 市南区
62%
16875 山东省 市北区
58%
15119 江苏省 秦淮区
57%
15082 湖北省 江岸区
57%
14802 四川省 锦江区
57%
12795 四川省 成华区
57%
20600 陕西省 新城区
53%
14930 湖南省 芙蓉区
53%
14493 湖北省 硚口区
49%
14369 广东省 龙华区
47%
13292 辽宁省 皇姑区
45%
13862 江西省 西湖区
42%
19152 辽宁省 沙河口区
40%
22879 福建省 台江区
38%
13687 江苏省 梁溪区
36%
13044 辽宁省 沈河区
34%
14198 河北省 桥西区(石家庄)
30%
No matching quizzes found
Score Distribution
Percent of People with Each Score
Percentile by Number Answered
Your Score History
You have not taken this quiz